000 01608nam a22003137a 4500
003 DO-SdBNP
005 20260305073952.0
007 ta
008 210311b 2020 dr a 00| 0 eng d
020 _a9789945919059
040 _aDO-SdBNP
_bspa
_cBNPHU
082 4 _a332.497293
_bM938b 2020
_222
100 1 _aMoya Pons, Frank,
_d1944-
_92095
245 1 0 _a Breve historia monetaria de la República Dominicana, 1844-1948 :
_bevolución de la deuda pública y formación del Banco Central /
_cFrank Moya Pons.
260 _aSanto Domingo :
_bAcademia Dominicana de la Historia,
_c2020.
300 _a118 p. :
_bil. ;
_c22 cm.
490 1 _aAcademia Dominicana de la Historia :
_v155
500 _aIncluye referencias bibliográficas y notas al pie de las páginas
500 _aIncluye datos biográficos del autor en la solapa de la contracubierta.
504 _aBibliografía : p. 83-86
505 0 _aPresentación 9 -- Las emisiones monetarias y la deuda pública en el siglo XIX, 11 -- La deuda y el protectorado americano 35 -- La Gran Depresión y la deuda externa 49 -- La creación del Banco Central 60 -- Los comienzos del Banco Central 79 -- Bibliografía 83 -- Apéndice: Monedas y billetes, 1844-1947.
590 _aInventariado, 2021 /LP
650 4 _aMoneda
_zRepública Dominicana
_xHistoria
_y1844-1948
_981310
650 4 _aDeuda pública
_zRepública Dominicana
_xHistoria
_y1844-1948
_981311
650 4 _aBancos centrales
_zRepública Dominicana
_xHistoria
_954908
830 0 _aAcademia Dominicana de la Historia
_n155
_978104
910 _aLopérez/ Validado, 2022/MFF
942 _2ddc
_cLBS1
999 _c49543
_d49543